Ends in 'GO' Quiz Stats

 Plays Quiz Updated Oct 1, 2018

Challenge
Share
Tweet
Embed
Score 0/30 Timer 07:00
2 Plays Today
Hint Answer % Correct
Freight carried in a ship, airplane or vehiclecargo
89.4%
1958 Hitchcock film or a type of dizziness symptomatic of a balance disorderVertigo
82.1%
A color, part of ROY G BIVindigo
80.6%
Large California city, home of the PadresSan Diego
76.3%
A wading bird or a popular lawn ornamentflamingo
74%
Prohibition of trade with a foreign nationembargo
73.9%
A large oval fruit indigenous to Indiamango
73.5%
Yell it when you win itBingo!
73%
An Australian dog speciesdingo
69.9%
A symbol or emblemlogo
67.4%
1996 Coen brothers film or a North Dakota cityFargo
65.3%
A Walt Kelly comic strip or a springy stickPogo
65.1%
Therefore, henceergo
64.2%
Informal language or specialized vocabulary of a specific fieldlingo
63.1%
A small drum or a species of African antelopebongo
60.2%
Hint Answer % Correct
A type of dance originating in Argentina and Uruguaytango
58%
A large group of islandsarchipelago
56.4%
The name of this river also appears in the name of two countriesCongo
56.3%
This country borders Burkina Faso, Benin and GhanaTogo
47.9%
A Dodge SUV or a Mexican stateDurango
46.9%
Jason's shipArgo
45.8%
Pieces of this board game include miners, bombs and scoutsStratego
43.1%
Motor home manufacturerWinnebago
41%
Separated from the South American mainland by the Strait of Magellan, spanish for land of fireTierra del Fuego
26.3%
2004 Viggo Mortensen film or a Mexican stateHidalgo
24.6%
A highly contagious bacterial skin infectionimpetigo
24.4%
Bart Simpson's twin brotherHugo
24.4%
Named toy of the century by both Fortune magazine and the British Toy Retailers Assn.Lego
24.2%
This tropical nation is the only non-African country to fit the categoryTrinidad and Tobago
19.9%
Either of the two world capitals to fit the categorySantiago or Santo Domingo
9.1%

You're not logged in!

Compare scores with friends on all Sporcle quizzes.
OR
Log In

You Might Also Like...

Show Comments

Extras

Top Quizzes Today


Score Distribution

Your Account Isn't Verified!

In order to create a playlist on Sporcle, you need to verify the email address you used during registration. Go to your Sporcle Settings to finish the process.

Report this User

Report this user for behavior that violates our Community Guidelines.

Details: